| 000 | 00766nam a22002177a 4500 | ||
|---|---|---|---|
| 001 | 38157 | ||
| 003 | BD-RjUL | ||
| 005 | 20211209052735.0 | ||
| 008 | 150919b xxu||||| |||| 00| 0 eng d | ||
| 035 | _a(BD-RjUL)38262 | ||
| 040 |
_aBD-RjUL _bben _cBD-RjUL |
||
| 041 | _aben | ||
| 082 |
_a519.5 _bAHA 1979 |
||
| 100 |
_aআহমদ, শফিউদ্দিন _9118066 |
||
| 245 | 1 | 0 |
_aআধুনিক পরিসংখ্যান / _cশফিউদ্দিন আহমদ |
| 260 |
_aঢাকা : _bরিসাত, _c১৯৭৯ |
||
| 300 |
_a৪২৪ পৃ. : _bচিত্র ; _c২১ সেমি. |
||
| 650 |
_aগাণিতিক পরিসংখ্যান _9117077 |
||
| 650 |
_aMathematical Statistics _9118067 |
||
| 942 |
_2ddc _cBK _02 |
||
| 999 |
_c38157 _d38157 |
||